| 000 | 00428 a2200133 4500 | ||
|---|---|---|---|
| 001 | ART_46679 | ||
| 005 | 20260410162039.0 | ||
| 008 | 260409a | ||
| 245 | 1 | 0 | _aCiclos económicos, expectativas e inflación en el Brasil |
| 100 | 1 | _aFerreira Arruda, Elano | |
| 700 | 1 | _aOliveira de Olivindo, María Thalita Arruda | |
| 700 | 1 | _aCastelar, Iván | |
| 773 | 0 |
_tRevista Cepal _g- Nº 124 (abr. 2018) _wREV45125 |
|
| 999 |
_c34758 _d34758 |
||